| 000 | 00962aam a2200253 4500 | ||
|---|---|---|---|
| 999 |
_c31725 _d31725 |
||
| 001 | 188 | ||
| 003 | CO-MdFUSB | ||
| 005 | 20171108092344.0 | ||
| 008 | 160601t19561961xxua f |||| 00| 0 eng d | ||
| 040 |
_aCO-MdFUSB _bEspañol _cCO-MdFUSB _dCO-MdFUSB _erda |
||
| 041 | 0 | _aeng | |
| 041 | 0 | _agrc | |
| 082 | 0 | 4 | _aG 225.48 N645e |
| 100 | 1 |
_aNicoll, W. Robertson _eautor |
|
| 245 | 0 | 4 |
_aThe expositor´s Greek testament _c / W. Robertson Nicoll, Editor |
| 264 | 1 |
_aGrand Rapids, Michigan: _bEerdmans, _c[1956-1961] |
|
| 300 | _a5 volúmenes | ||
| 336 |
_2rdacontent _atexto _btxt |
||
| 337 |
_2rdamedia _asin mediación _bn |
||
| 338 |
_2rdacarrier _avolumen _bnc |
||
| 505 | 0 | 0 | _aVol. 1 : The Synoptic Gospels, The Gospel of St. John Vol. 2 : The Acts, Romans, I Corinthians Vol. 3 : The II Corinthians, Galatians, Ephesians, Philippians, Colossians Vol. 5 : I, II Peter; I, II, III John; Jude; Revelation |
| 630 | 0 | 7 |
_aBiblia. _pNuevo Testamento _vGriego |
| 942 | _cBK | ||